<?xml version="1.0" encoding="UTF-8"?>
<record
    xmlns:xsi="http://www.w3.org/2001/XMLSchema-instance"
    xsi:schemaLocation="http://www.loc.gov/MARC21/slim http://www.loc.gov/standards/marcxml/schema/MARC21slim.xsd"
    xmlns="http://www.loc.gov/MARC21/slim">

  <leader>02713nab a22002537a 4500</leader>
  <datafield tag="999" ind1=" " ind2=" ">
    <subfield code="c">5671</subfield>
    <subfield code="d">5671</subfield>
  </datafield>
  <controlfield tag="003">OSt</controlfield>
  <controlfield tag="005">20251226222036.0</controlfield>
  <controlfield tag="008">190603e        xxum|||| |||| 00| 0 spa d</controlfield>
  <datafield tag="040" ind1=" " ind2=" ">
    <subfield code="c">PJ</subfield>
  </datafield>
  <datafield tag="100" ind1=" " ind2=" ">
    <subfield code="9">6280</subfield>
    <subfield code="a">Palma, Mariano</subfield>
  </datafield>
  <datafield tag="245" ind1="1" ind2="0">
    <subfield code="a">Derecho a la informaci&#xF3;n en la Ley de Defensa del Consumidor /</subfield>
    <subfield code="c">Mariano Palma.</subfield>
  </datafield>
  <datafield tag="260" ind1=" " ind2=" ">
    <subfield code="c">Ciudad Aut&#xF3;noma de Buenos Aires :</subfield>
    <subfield code="a">Thomson Reuters La Ley, </subfield>
    <subfield code="b">2025.</subfield>
  </datafield>
  <datafield tag="300" ind1=" " ind2=" ">
    <subfield code="a">p. 337-347</subfield>
  </datafield>
  <datafield tag="500" ind1=" " ind2=" ">
    <subfield code="a">Cita: TR LALEY AR/DOC/1049/2025 
Publicado en: RCCyC 2025 (junio).</subfield>
  </datafield>
  <datafield tag="505" ind1=" " ind2=" ">
    <subfield code="a"> Sumario: I. &#xBF;En qu&#xE9; consiste el deber de informaci&#xF3;n del proveedor? &#xBF;Es un derecho del consumidor?&#x2014; II. &#xBF;C&#xF3;mo debe suministrarse la informaci&#xF3;n al consumidor o usuario?&#x2014; III. &#xBF;En qu&#xE9; consiste la forma "cierta, clara y detallada"?&#x2014; IV. &#xBF;Cu&#xE1;les son las caracter&#xED;sticas esenciales de los bienes y servicios que provee?&#x2014; V. &#xBF;Cu&#xE1;les son las condiciones de su comercializaci&#xF3;n?&#x2014; VI. &#xBF;Qu&#xE9; medidas adopta el BCRA en el caso de usuarios de servicios financieros?&#x2014; VII. &#xBF;Qu&#xE9; situaci&#xF3;n acontece en los casos de falta de lectura por parte del consumidor?&#x2014; VIII. &#xBF;El consumidor experto debe ser tenido como profano?&#x2014; IX. El caso de la Ley de Etiquetado Frontal o "Promoci&#xF3;n de la alimentaci&#xF3;n saludable" (27.642).&#x2014; X. &#xBF;Qu&#xE9; pasa en el caso de los c&#xF3;digos QR?&#x2014; XI. El deber de informaci&#xF3;n como un deber de indemnidad.&#x2014; XII. La sobreinformaci&#xF3;n como limitante del conocimiento.&#x2014; XIII. &#xBF;La ausencia de cumplimiento del deber de informaci&#xF3;n opera como una limitante al momento de perfeccionarse el contrato?&#x2014; XIV. &#xBF;Qu&#xE9; sanciones son aplicables en caso de incumplimiento al deber de informaci&#xF3;n?&#x2014; XV. &#xBF;C&#xF3;mo act&#xFA;a la responsabilidad precontractual ante la ausencia del deber de informaci&#xF3;n?&#x2014; XVI. &#xBF;Qu&#xE9; ocurre durante la etapa de ejecuci&#xF3;n y poscontractual con el deber de informaci&#xF3;n?&#x2014; XVII. &#xBF;C&#xF3;mo se prueba el incumplimiento al deber de informaci&#xF3;n?&#x2014; XVIII. El deber de gratuidad de la informaci&#xF3;n.&#x2014; XIX. El deber de informaci&#xF3;n en el C&#xF3;d. Civ. y Com.&#x2014; XX. El deber de informaci&#xF3;n en la Ley de Defensa de la Competencia y en el Dec. de Lealtad Comercial.&#x2014; XXI. El deber de informaci&#xF3;n en la Constituci&#xF3;n Nacional. </subfield>
  </datafield>
  <datafield tag="505" ind1=" " ind2=" ">
    <subfield code="t">&#xBF;Te interesa el texto completo? Solicitalo al correo: koha@justierradelfuego.gov.ar</subfield>
  </datafield>
  <datafield tag="650" ind1=" " ind2="0">
    <subfield code="9">1497</subfield>
    <subfield code="a">CODIGO CIVIL Y COMERCIAL</subfield>
  </datafield>
  <datafield tag="650" ind1=" " ind2="0">
    <subfield code="9">2608</subfield>
    <subfield code="a">DERECHOS DEL CONSUMIDOR</subfield>
  </datafield>
  <datafield tag="650" ind1=" " ind2="0">
    <subfield code="9">2597</subfield>
    <subfield code="a">DEFENSA DEL CONSUMIDOR</subfield>
  </datafield>
  <datafield tag="650" ind1=" " ind2="0">
    <subfield code="9">3407</subfield>
    <subfield code="a">DERECHO A LA INFORMACI&#xD3;N</subfield>
  </datafield>
  <datafield tag="650" ind1=" " ind2="0">
    <subfield code="9">2600</subfield>
    <subfield code="a">LEY DE DEFENSA DEL CONSUMIDOR</subfield>
  </datafield>
  <datafield tag="773" ind1="0" ind2=" ">
    <subfield code="0">2713</subfield>
    <subfield code="9">3170</subfield>
    <subfield code="d">Ciudad Aut&#xF3;noma de Buenos Aires : Thomson Reuters La Ley, 2015-</subfield>
    <subfield code="t">Revista C&#xF3;digo Civil y Comercial. N&#xBA; 3 - Junio 2025</subfield>
  </datafield>
  <datafield tag="942" ind1=" " ind2=" ">
    <subfield code="2">udc</subfield>
    <subfield code="c">ANA</subfield>
  </datafield>
</record>
